Kidnapping and hostage negotiation in Nigeria
Kidnapping remains a threat to Nigeria’s long-term security, stability, and development. In recent years, the Nigerian state has been bedeviled with kidnapping activities and this challenge is being exploited by other criminal networks which take advantage of the state’s under-policed localities to...
| Autores principales: | ; ; |
|---|---|
| Tipo de documento: | Print Artículo |
| Lenguaje: | Inglés |
| Publicado: |
2024
|
| En: |
The political economy of kidnapping and insecurity in Nigeria
Año: 2024, Páginas: 299-313 |
| Verificar disponibilidad: | HBZ Gateway |
MARC
| LEADER | 00000naa a2200000 c 4500 | ||
|---|---|---|---|
| 001 | 1923999702 | ||
| 003 | DE-627 | ||
| 005 | 20250430092643.0 | ||
| 007 | tu | ||
| 008 | 250430s2024 xx ||||| 00| ||eng c | ||
| 020 | |a 9783031471674 | ||
| 035 | |a (DE-627)1923999702 | ||
| 035 | |a (DE-599)KXP1923999702 | ||
| 040 | |a DE-627 |b ger |c DE-627 |e rda | ||
| 041 | |a eng | ||
| 084 | |a 2,1 |2 ssgn | ||
| 100 | 1 | |a Bamidele, Seun |e VerfasserIn |4 aut | |
| 245 | 1 | 0 | |a Kidnapping and hostage negotiation in Nigeria |c Seun Bamidele, Dickson Ajisafe, and Babatope M. Ajiboye |
| 264 | 1 | |c 2024 | |
| 336 | |a Text |b txt |2 rdacontent | ||
| 337 | |a ohne Hilfsmittel zu benutzen |b n |2 rdamedia | ||
| 338 | |a Band |b nc |2 rdacarrier | ||
| 500 | |a Literaturverzeichnis: Seite 312-313 | ||
| 520 | |a Kidnapping remains a threat to Nigeria’s long-term security, stability, and development. In recent years, the Nigerian state has been bedeviled with kidnapping activities and this challenge is being exploited by other criminal networks which take advantage of the state’s under-policed localities to forcefully move vulnerable individuals to unwanted and unknown destinations. The challenges associated with kidnapping have become a serious concern in Nigeria, a country that is already fragile as a result of violent conflicts, corruption, poverty, and economic hardship. Paradoxically, the Nigerian state still has a success story for negotiation and protection response which has effectively served as a substitute to suppress kidnapping. The objectives of this paper are to examine the challenges of kidnapping and its social impacts in Nigeria as well as interrogating the mechanisms maximized by the Nigerian government in its negotiation efforts with kidnappers. The paper does this with a view to conceptualize kidnapping in the context of Nigeria’s experience and outline the pros and cons of government’s strategies in negotiating with kidnappers and criminal networks in the country. Maximizing extant literature and relevant case studies, this development is rigorously analyzed through academic lens and raises questions such as what is the historical and operational dimension of kidnapping and hostage taking in Nigeria and its social impacts on country? What are the implications of using (worst alternative of) ransom payment in negotiating with kidnappers? Is the willingness to negotiate with kidnappers through (worst alternative of) ransom payment encouraging more kidnapping activities in Nigeria? Finally, what role should the government play in deciding whether to negotiate or not with (ransom payment) worst alternative? | ||
| 700 | 1 | |a Ajisafe, Dickson |e VerfasserIn |4 aut | |
| 700 | 1 | |a Ajiboye, Babatope M. |e VerfasserIn |4 aut | |
| 773 | 0 | 8 | |i Enthalten in |t The political economy of kidnapping and insecurity in Nigeria |d Cham : Springer, 2024 |g (2024), Seite 299-313 |h vi, 333 Seiten |w (DE-627)1892263823 |z 9783031471674 |7 nnam |
| 773 | 1 | 8 | |g year:2024 |g pages:299-313 |
| 776 | 1 | |o 10.1007/978-3-031-47168-1_17 | |
| 951 | |a AR | ||
| ELC | |b 1 | ||
| LOK | |0 000 xxxxxcx a22 zn 4500 | ||
| LOK | |0 001 4717886836 | ||
| LOK | |0 003 DE-627 | ||
| LOK | |0 004 1923999702 | ||
| LOK | |0 005 20250430092643 | ||
| LOK | |0 008 250430||||||||||||||||ger||||||| | ||
| LOK | |0 040 |a DE-2619 |c DE-627 |d DE-2619 | ||
| LOK | |0 092 |o n | ||
| LOK | |0 852 |a DE-2619 | ||
| LOK | |0 852 1 |9 00 | ||
| LOK | |0 939 |a 30-04-25 |b l01 | ||
| ORI | |a SA-MARC-krimdoka001.raw | ||
